|
|
|
|
| LEADER |
01084nam a22002772a 4500 |
| 001 |
000975308 |
| 003 |
CZ BrMZK |
| 005 |
20100428202954.0 |
| 007 |
ta |
| 008 |
091104s1910 xr af er|||||||||||cze d |
| 015 |
|
|
|a cnb000896750
|
| 040 |
|
|
|a ABA001
|b cze
|c HKA001
|d ABA001
|e BOA001
|
| 041 |
1 |
|
|a cze
|h eng
|
| 100 |
1 |
|
|a Quiller-Couch, Arthur Thomas,
|c Sir,
|d 1863-1944
|7 xx0004007
|4 aut
|
| 245 |
1 |
0 |
|a Shakespearovy vánoce a jiné povídky /
|c napsal A.T. Quiller-Couch ; přeložil a studií opatřil J.J. David
|
| 260 |
|
|
|a Hradec Králové :
|b Bohdan Melichar,
|c 1910
|
| 300 |
|
|
|a 206 s. :
|b obr. příl. ;
|c 8°
|
| 490 |
1 |
|
|a Melicharův výkvět světových literatur ;
|v sv. 3
|
| 500 |
|
|
|a Přeloženo z angličtiny
|
| 830 |
|
0 |
|a Melicharův Výkvět světových literatur
|0 s
|
| 910 |
|
|
|a BOA001
|b 1-0337.974
|b DEML-0646.599
|
| 990 |
|
|
|a BK
|
| 993 |
|
|
|a Y
|
| 991 |
|
|
|b 200911
|
| 996 |
6 |
|
|b 2619388270
|c 1-0337.974
|l MZK
|r Sklad / do 1 hodiny
|n 0
|w 000975308
|u 000010
|a 1
|e BOA001
|j MZK50
|s P
|
| 996 |
6 |
|
|b 2619536371
|c DEML-0646.599
|l MZK
|r Sklad / do 24 hodin
|n 1
|w 000975308
|u 000020
|a 1
|e BOA001
|j MZK50
|s P
|